000
00246 a2200121 4500
001
70890
082
_a
823 HOD
090
_c
38735
_d
38735
100
_a
Huddy D
245
_a
Time Piper
260
_a
London
_b
Walker Books
_c
1976
300
_a
231.p
942
_a
caenust
_k
823 HOD
999
_c
305963
_d
305963